Collective edge: unlocking the secret power of groups (Record no. 360783)

MARC details
000 -LEADER
fixed length control field 02078nam a22002057a 4500
003 - CONTROL NUMBER IDENTIFIER
control field OSt
005 - DATE AND TIME OF LATEST TRANSACTION
control field 20260424160959.0
008 - FIXED-LENGTH DATA ELEMENTS--GENERAL INFORMATION
fixed length control field 260424b |||||||| |||| 00| 0 eng d
020 ## - INTERNATIONAL STANDARD BOOK NUMBER
International Standard Book Number 9781398533455
040 ## - CATALOGING SOURCE
Transcribing agency AACR-II
082 ## - DEWEY DECIMAL CLASSIFICATION NUMBER
Classification number 658.4 FIS
100 ## - MAIN ENTRY--PERSONAL NAME
Personal name Fisher, Colin M.
9 (RLIN) 18941
245 ## - TITLE STATEMENT
Title Collective edge: unlocking the secret power of groups
260 ## - PUBLICATION, DISTRIBUTION, ETC.
Place of publication, distribution, etc. London
Name of publisher, distributor, etc. Simon & Schuster
Date of publication, distribution, etc. 2025
300 ## - PHYSICAL DESCRIPTION
Extent 314 p.
520 ## - SUMMARY, ETC.
Summary, etc. We live in an age of unprecedented individualism. We seek individualistic solutions to our problems, but we can rarely explain failures and successes by looking at one person’s actions, or fix things entirely on our own. Our lives are shaped by groups as wide-ranging as work teams, friends and families, nationalities and religions, and our tendency toward cooperation is the foundation of human accomplishment. Nearly every scientific discovery, world-changing business, desert island musical album and legendary sports team has a great group at its core.<br/><br/>In his revelatory book, Dr Colin Fisher, a foremost expert on group dynamics, demonstrates how to harness the amazing power of groups to achieve great things under the right conditions. Fisher skilfully weaves together the latest science with vivid storytelling. He demonstrates how to build happy groups that cooperate effectively, how to harness the motivating power of competition without getting embroiled in conflict and avoid the pitfalls of conformity.<br/><br/>The Collective Edge is a ground-breaking book that will transform your understanding of human behaviour. Whether you want to change yourself, your team, or the world, you need to work with the invisible forces of group dynamics, rather than being unwittingly pushed around by them. By doing so you can learn to make better decisions, form happier groups that are more than the sum of their parts, and improve the quality of your interactions with others – forever changing how you live and work for the better.
650 ## - SUBJECT ADDED ENTRY--TOPICAL TERM
Topical term or geographic name entry element Executive management
9 (RLIN) 18942
650 ## - SUBJECT ADDED ENTRY--TOPICAL TERM
Topical term or geographic name entry element Group leadership
9 (RLIN) 18943
942 ## - ADDED ENTRY ELEMENTS (KOHA)
Source of classification or shelving scheme Dewey Decimal Classification
Koha item type Books
Holdings
Date last seen Total Checkouts Full call number Barcode Price effective from Koha item type Lost status Source of classification or shelving scheme Damaged status Not for loan Withdrawn status Home library Current library Date acquired Cost, normal purchase price
2026-04-24   658.4 FIS 185957 2026-04-24 Books Not Missing Dewey Decimal Classification Not Damaged     Gandhi Smriti Library Gandhi Smriti Library 2026-04-24 799.00

Powered by Koha